=LDR 00000nam 2200000 4500 =001 INLIS000000000044427 =005 20131008105845 =008 ***********************************Ind** =035 ##$$0010-101300000002349 =041 ##$$a Ind =082 ##$$a 371 =090 ##$$a 371.1 , SUH m =100 ##$$a Suharsimi Arikunto , DR =245 ##$$a Manajemen Pengajaran , Secara Manusiawi , DR Suharsimi Arikunto =260 ##$$a 1993 $b Jakarta =300 ##$$a 303 hlm , 22 cm =850 ##$$a NBPNMAT